| 000 | 00830cab a22002055a 4500 | ||
|---|---|---|---|
| 001 | L142527 | ||
| 008 | 080221s2008 xxk f 000 0 eng d | ||
| 035 | _a(Sirsi) u142527 | ||
| 041 | 0 | _aeng | |
| 100 | 1 | _aHousebuilder | |
| 245 | 0 | 0 | _aEast is east |
| 260 | _c2008 | ||
| 490 |
_aHousebuilder _v67(1) January-February 2008, 18-19(2) |
||
| 520 | _aPresents an overview of the residential property market in East Anglia. Reports that there are few large independents remaining in the market. Details Hopkins Homes, the largest remaining independent. Presents statistics of planning applications across the area comparing late 2007 against late 2006. | ||
| 590 | _aKA | ||
| 651 | 4 | _aEast Anglia | |
| 690 |
_aPlanning and development _96259 |
||
| 690 | _aPROPERTY-RESIDENTIAL PROPERTY-RESIDENTIAL PROPERTY MARKET | ||
| 942 | _n0 | ||
| 999 |
_c79865 _d79865 |
||